[Event "XXVI Festival A"]
[Site "Arco ITA"]
[Date "2014.10.10"]
[Round "7"]
[White "Rotstein, Arkadij"]
[Black "Drasko, Milan"]
[WhiteElo "2499"]
[BlackElo "2434"]
[Result "1/2-1/2"]
[PlyCount "23"]
[EventDate "2014.10.04"]

1. d4 e6 2. c4 Nf6 3. Nf3 Bb4+ 4. Bd2 Qe7 5. g3 Nc6 6. Bg2 Bxd2+ 7. Nbxd2 d6 8.
O-O a5 9. e4 e5 10. d5 Nb8 11. Ne1 O-O 12. Nd3 1/2-1/2

[Event "XXVI Festival A"]
[Site "Arco ITA"]
[Date "2014.10.10"]
[Round "7"]
[White "Roversi, Stefano"]
[Black "Modena, Giorgio"]
[WhiteElo "1716"]
[BlackElo "1920"]
[Result "0-1"]
[PlyCount "56"]
[EventDate "2014.10.04"]

1. e4 e6 2. d3 d5 3. Nd2 c5 4. Ngf3 Nc6 5. g3 d4 6. e5 Nge7 7. Bg2 Ng6 8. Nc4
b5 9. Ng5 Bb7 10. Qf3 Qd7 11. Nd6+ Bxd6 12. exd6 Nd8 13. Ne4 f5 14. Bg5 fxe4
15. Qh5 e3 16. Bxb7 exf2+ 17. Kd2 Nxb7 18. Rhf1 O-O 19. Qg4 Ne5 20. Qh5 Nf3+
21. Ke2 Nxg5 22. Qxg5 Qxd6 23. h4 Rf5 24. Qg4 Raf8 25. h5 Re5+ 26. Kd2 Re3 27.
h6 g6 28. Qh4 Rxg3 0-1

[Event "XXVI Festival A"]
[Site "Arco ITA"]
[Date "2014.10.10"]
[Round "7"]
[White "Schaefer, Michael"]
[Black "Stiefel, Roland"]
[WhiteElo "2155"]
[BlackElo "2037"]
[Result "1/2-1/2"]
[PlyCount "30"]
[EventDate "2014.10.04"]

1. d4 c5 2. d5 d6 3. Nc3 g6 4. e4 Bg7 5. Bb5+ Nd7 6. a4 Ngf6 7. f4 O-O 8. Nf3
a6 9. Be2 b6 10. O-O Ne8 11. Bc4 Nc7 12. Qe2 Bb7 13. Bd2 Nf6 14. Rad1 Rb8 15.
Rfe1 Qd7 1/2-1/2

[Event "XXVI Festival A"]
[Site "Arco ITA"]
[Date "2014.10.10"]
[Round "7"]
[White "Schneider, Johannes"]
[Black "Vaccari, Giorgio"]
[WhiteElo "1854"]
[BlackElo "1712"]
[Result "0-1"]
[PlyCount "22"]
[EventDate "2014.10.04"]

1. d4 Nf6 2. c4 e6 3. Nc3 Bb4 4. Qc2 b6 5. Nf3 Bb7 6. g3 c5 7. dxc5 Nc6 8. Bg2
Nd4 9. Qd3 bxc5 10. O-O Bxc3 11. Qxc3 Nxe2+ 0-1

[Event "XXVI Festival A"]
[Site "Arco ITA"]
[Date "2014.10.10"]
[Round "7"]
[White "Sprea, Giuseppe"]
[Black "Huemmer, Bernd"]
[WhiteElo "1938"]
[BlackElo "2185"]
[Result "0-1"]
[PlyCount "60"]
[EventDate "2014.10.04"]

1. d4 Nf6 2. c4 e6 3. Nf3 b6 4. g3 Ba6 5. b3 Bb7 6. Bg2 Bb4+ 7. Bd2 a5 8. Nc3
d5 9. cxd5 exd5 10. a3 Bxc3 11. Bxc3 Ne4 12. Bb2 a4 13. b4 O-O 14. O-O Nd7 15.
Nd2 Nd6 16. Rc1 Re8 17. Re1 Nf6 18. f3 Re7 19. Qc2 Qe8 20. Kf2 h5 21. Rcd1 h4
22. Bc1 Rd8 23. g4 Ba6 24. Bf1 Qd7 25. h3 Rde8 26. e4 Bxf1 27. e5 Bb5 28. Nb1
Nh7 29. exd6 Re2+ 30. Rxe2 Rxe2+ 0-1

[Event "XXVI Festival A"]
[Site "Arco ITA"]
[Date "2014.10.10"]
[Round "7"]
[White "Taufer, Livio"]
[Black "Favre, Bruno"]
[WhiteElo "1709"]
[BlackElo "1904"]
[Result "0-1"]
[PlyCount "58"]
[EventDate "2014.10.04"]

1. d4 Nf6 2. Nf3 d6 3. e3 c6 4. Bd3 Nbd7 5. O-O g6 6. b3 Bg7 7. Bb2 O-O 8. Nbd2
d5 9. Ne5 Nxe5 10. dxe5 Ng4 11. f4 Nxe3 12. Qf3 Nxf1 13. Rxf1 Qd7 14. h3 f6 15.
Qg3 f5 16. Nf3 e6 17. h4 c5 18. Kf2 Qe8 19. Rh1 h5 20. a4 Bd7 21. Ng5 Bh6 22.
Be2 Kh8 23. Rd1 Bc6 24. Qc3 Bxg5 25. hxg5 b6 26. Qh3 Kg7 27. Bf3 Rd8 28. g4
fxg4 29. Bxg4 Rxf4+ 0-1

[Event "XXVI Festival A"]
[Site "Arco ITA"]
[Date "2014.10.10"]
[Round "7"]
[White "Tencheni, Maurizio"]
[Black "Martinez, Guido"]
[WhiteElo "1740"]
[BlackElo "1856"]
[Result "0-1"]
[PlyCount "82"]
[EventDate "2014.10.04"]

1. Nf3 d5 2. g3 Nc6 3. Bg2 e5 4. d3 Nf6 5. O-O Be7 6. Nbd2 O-O 7. c4 Re8 8. Re1
e4 9. dxe4 dxe4 10. Ng5 e3 11. fxe3 Ng4 12. Nge4 f5 13. Nc3 Nxe3 14. Qb3 Nd4
15. Qa4 Bd7 16. Nb5 Nxg2 17. Kxg2 a6 18. Nf3 axb5 19. Qd1 Nxf3 20. exf3 Bc6 21.
Qc2 Bd6 22. Bd2 Rxe1 23. Bxe1 Qe7 24. Bf2 Qf6 25. cxb5 Bd7 26. a4 b6 27. Rd1
Re8 28. Kf1 f4 29. Kg2 Re6 30. b3 Qe7 31. Qc4 Kh8 32. Rd2 Qg5 33. g4 Qe5 34.
Qc2 Be8 35. Bd4 Qg5 36. Bf2 Qe7 37. Qc4 Bf7 38. Qd3 Bb4 39. Ra2 Rd6 40. Qb1 Qe6
41. Rc2 Bg6 0-1

[Event "XXVI Festival A"]
[Site "Arco ITA"]
[Date "2014.10.10"]
[Round "7"]
[White "Thonig, Manfred"]
[Black "Weinberg, Emanuele"]
[WhiteElo "1589"]
[BlackElo "1733"]
[Result "0-1"]
[PlyCount "88"]
[EventDate "2014.10.04"]

1. f4 Nf6 2. Nf3 d5 3. e3 c5 4. Bb5+ Bd7 5. Bxd7+ Nbxd7 6. b3 g6 7. Bb2 Bg7 8.
d4 O-O 9. O-O e6 10. Nbd2 Qb6 11. Rb1 Rfd8 12. Ne5 Ne4 13. Nxd7 Rxd7 14. Nf3
Rc7 15. c3 Rac8 16. c4 dxc4 17. bxc4 Qa6 18. Qb3 cxd4 19. exd4 Qxc4 20. Qxc4
Rxc4 21. Rbc1 Rc2 22. Rxc2 Rxc2 23. Rb1 b6 24. a3 Nc3 25. Bxc3 Rxc3 26. Rd1
Rxa3 27. Ne5 Bxe5 28. dxe5 Ra2 29. h3 Kf8 30. Rd8+ Ke7 31. Rb8 Rd2 32. Kf1 Rd7
33. Ke2 Rc7 34. Kd2 Kd7 35. Rh8 h5 36. g4 hxg4 37. hxg4 Kc6 38. Rh3 b5 39. Kc3
a5 40. Kb3 Kd5 41. Rf3 Rc4 42. Rd3+ Rd4 43. Rf3 Ke4 44. Rf1 Rd3+ 0-1

[Event "XXVI Festival A"]
[Site "Arco ITA"]
[Date "2014.10.10"]
[Round "7"]
[White "Trauth, Michael"]
[Black "Popa, Claudiu"]
[WhiteElo "2166"]
[BlackElo "2119"]
[Result "1/2-1/2"]
[PlyCount "95"]
[EventDate "2014.10.04"]

1. Nf3 d5 2. c4 c6 3. g3 g6 4. Bg2 Bg7 5. O-O Nf6 6. b3 O-O 7. Bb2 Nbd7 8. Qc2
b6 9. d3 Bb7 10. Nbd2 Re8 11. Ne5 Nxe5 12. Bxe5 Nd7 13. Bxg7 Kxg7 14. d4 Nf6
15. Rfd1 Rc8 16. e4 dxe4 17. Nxe4 e6 18. Rac1 Qe7 19. Qe2 Red8 20. Rd2 Rc7 21.
Rcd1 Rcd7 22. f4 Nxe4 23. Bxe4 Qf6 24. Qf2 h5 25. h4 Rd6 26. Qe3 R6d7 27. Bf3
Ba8 28. Kf2 Bb7 29. Qe5 Qxe5 30. fxe5 Kf8 31. Ke3 Ke7 32. Be4 Rg8 33. Kf4 Ba8
34. b4 Rgd8 35. Ke3 Rg8 36. Bf3 Rgd8 37. c5 b5 38. Ra1 a6 39. a4 Bb7 40. axb5
axb5 41. Ra7 Rc8 42. Be2 Rdc7 43. Bd3 Rd7 44. Be4 Rdc7 45. Kf4 Rd7 46. g4 hxg4
47. Kxg4 Rh8 48. Rd3 1/2-1/2

[Event "XXVI Festival A"]
[Site "Arco ITA"]
[Date "2014.10.10"]
[Round "7"]
[White "Valenti, Giuseppe"]
[Black "Hilbenz, Guntram"]
[WhiteElo "2101"]
[BlackElo "1951"]
[Result "1-0"]
[PlyCount "57"]
[EventDate "2014.10.04"]

1. Nf3 d6 2. d4 Nf6 3. g3 Nbd7 4. Bg2 e5 5. c4 Be7 6. Nc3 O-O 7. O-O c6 8. e4
Re8 9. h3 a6 10. a4 a5 11. Be3 Qc7 12. Qc2 exd4 13. Nxd4 g6 14. Rac1 Nc5 15. b3
Nfd7 16. Rfd1 Na6 17. Qd2 Nac5 18. f4 Bf6 19. Rb1 Na6 20. Ncb5 cxb5 21. Nxb5
Qb8 22. Nxd6 Rf8 23. Nxc8 Ndc5 24. Nd6 Qc7 25. Nb5 Qc8 26. e5 Be7 27. Nd6 Qc7
28. Nxb7 Rab8 29. Nxa5 1-0

[Event "XXVI Festival A"]
[Site "Arco ITA"]
[Date "2014.10.10"]
[Round "7"]
[White "Wurm, Alexander"]
[Black "Perman, Sergey"]
[WhiteElo "2111"]
[BlackElo "2150"]
[Result "1-0"]
[PlyCount "116"]
[EventDate "2014.10.04"]

1. d4 Nf6 2. Nc3 d5 3. Bg5 e6 4. e4 dxe4 5. Nxe4 Be7 6. Bxf6 Bxf6 7. Nf3 Nd7 8.
Bd3 Nb6 9. c3 Be7 10. Qc2 Nd5 11. O-O-O c6 12. Ne5 Qc7 13. Rhe1 O-O 14. h4 f6
15. Nf3 Nf4 16. Bf1 Bd7 17. g3 Nd5 18. Bd3 h6 19. Ned2 b5 20. h5 f5 21. Ne5 Be8
22. Rh1 c5 23. Ndf3 c4 24. Be2 Bd6 25. Rde1 Rc8 26. Nh4 Bxe5 27. dxe5 b4 28.
Bf3 bxc3 29. bxc3 Bc6 30. Ng6 Rf7 31. Rh4 Nb4 32. cxb4 Bxf3 33. Rd4 Qb6 34. Qc3
Bxh5 35. Nf4 Bf3 36. Nxe6 Qxe6 37. Qxf3 c3 38. Qd5 Qe7 39. f4 g5 40. Qd6 Qxd6
41. exd6 Rd8 42. Kc2 gxf4 43. gxf4 Kg7 44. Kxc3 Kf6 45. Kc4 h5 46. Kd5 h4 47.
Re6+ Kg7 48. Rd3 Rh8 49. Rh3 Rb7 50. a3 Rb5+ 51. Kc4 Rb6 52. Re7+ Kg6 53. d7
Rbb8 54. Rhe3 h3 55. R3e6+ Kh5 56. Re8 h2 57. Rxh8+ Rxh8 58. Re8 Rh6 1-0

[Event "XXVI Festival A"]
[Site "Arco ITA"]
[Date "2014.10.10"]
[Round "7"]
[White "Zenatto, Giuliano"]
[Black "Scholz, Herbert"]
[WhiteElo "1732"]
[BlackElo "1897"]
[Result "0-1"]
[PlyCount "36"]
[EventDate "2014.10.04"]

1. d4 Nf6 2. c4 e6 3. Nc3 Bb4 4. Qc2 O-O 5. Nf3 c5 6. dxc5 Na6 7. a3 Bxc5 8. b4
Be7 9. e3 b6 10. Be2 Bb7 11. O-O Rc8 12. Bb2 d5 13. Rfd1 Qc7 14. Nb5 Qb8 15.
Qb3 dxc4 16. Bxc4 Ng4 17. h3 Bxf3 18. gxf3 Qh2+ 0-1

[Event "XXVI Festival A"]
[Site "Arco ITA"]
[Date "2014.10.11"]
[Round "8"]
[White "Ager, Josef"]
[Black "Lezzerini, Marco"]
[WhiteElo "2125"]
[BlackElo "1994"]
[Result "0-1"]
[PlyCount "68"]
[EventDate "2014.10.04"]

1. c4 d6 2. Nc3 Nf6 3. g3 g6 4. Bg2 Bg7 5. e3 e5 6. Nge2 Nc6 7. Rb1 O-O 8. b4
a6 9. O-O Ne8 10. d3 f5 11. Nd5 Nf6 12. a4 Ne7 13. Nxf6+ Bxf6 14. d4 c6 15. Bb2
e4 16. d5 Bxb2 17. Rxb2 cxd5 18. cxd5 Bd7 19. h4 h6 20. Qb3 g5 21. hxg5 hxg5
22. f3 exf3 23. Bxf3 Qe8 24. Ra1 Qg6 25. Nd4 Qg7 26. Rc1 Qe5 27. Re2 g4 28. Bg2
Qxg3 29. Rc7 Rac8 30. Rec2 Rxc7 31. Rxc7 Qe1+ 32. Bf1 g3 33. Qb2 Qxe3+ 34. Kg2
Ng6 0-1

[Event "XXVI Festival A"]
[Site "Arco ITA"]
[Date "2014.10.11"]
[Round "8"]
[White "Al Hajiri, Bader"]
[Black "Ricci, Alfredo"]
[WhiteElo "2130"]
[BlackElo "1949"]
[Result "1-0"]
[PlyCount "65"]
[EventDate "2014.10.04"]

1. e4 c5 2. Nf3 e6 3. d4 cxd4 4. Nxd4 a6 5. Bd3 Nf6 6. Nc3 d6 7. O-O Be7 8. f4
Qb6 9. Kh1 Nbd7 10. Be3 Qxb2 11. Qd2 Qa3 12. Rab1 Qa5 13. Nf3 Qc7 14. a4 O-O
15. a5 Re8 16. Na4 Qc6 17. Nb6 Nxb6 18. Rxb6 Qa4 19. c4 Nd7 20. Rbb1 Bf6 21. g4
g6 22. Nd4 Nc5 23. g5 Bg7 24. Bc2 Qd7 25. Nf3 Qc7 26. Rfd1 Bf8 27. Kg2 Rd8 28.
Ne5 Be7 29. Ng4 e5 30. Nh6+ Kg7 31. f5 Bf8 32. Bxc5 Qxc5 33. f6+ 1-0

[Event "XXVI Festival A"]
[Site "Arco ITA"]
[Date "2014.10.11"]
[Round "8"]
[White "Alkhaldi, Bader"]
[Black "Astengo, Corrado"]
[WhiteElo "1932"]
[BlackElo "2129"]
[Result "1/2-1/2"]
[PlyCount "100"]
[EventDate "2014.10.04"]

1. d4 d5 2. c4 c6 3. Nf3 e6 4. e3 Nf6 5. b3 Nbd7 6. Bd3 Bd6 7. Bb2 O-O 8. Nbd2
c5 9. O-O cxd4 10. exd4 b6 11. Ne5 Bb7 12. Qe2 Rc8 13. f4 g6 14. Rae1 Re8 15.
Ndf3 Ne4 16. Bxe4 dxe4 17. Ng5 Nxe5 18. fxe5 Qxg5 19. exd6 Rcd8 20. Qf2 f5 21.
c5 Rf8 22. Bc1 Qf6 23. Bf4 Bd5 24. Be5 Qg5 25. b4 b5 26. a3 Rd7 27. Re3 Rdf7
28. h4 Qd8 29. Qf4 Qd7 30. Rg3 Rg7 31. h5 Rff7 32. hxg6 Rxg6 33. Rxg6+ hxg6 34.
Qh6 Rh7 35. Qxg6+ Kf8 36. Qf6+ Ke8 37. Rc1 Bc6 38. Rc3 Qf7 39. Qxf7+ Rxf7 40.
Rh3 f4 41. Rh6 Kd7 42. Bf6 f3 43. gxf3 exf3 44. Kf2 Be4 45. Bh4 Rh7 46. Rxh7+
Bxh7 47. Kxf3 Bb1 48. Kf4 Ba2 49. Ke5 Bd5 50. Be1 a6 1/2-1/2

[Event "XXVI Festival A"]
[Site "Arco ITA"]
[Date "2014.10.11"]
[Round "8"]
[White "Altea, Alessandro"]
[Black "Paleologu, Vladimir"]
[WhiteElo "2063"]
[BlackElo "2170"]
[Result "1/2-1/2"]
[PlyCount "32"]
[EventDate "2014.10.04"]

1. e4 e5 2. Nc3 Nf6 3. f4 d5 4. fxe5 Nxe4 5. d3 Bb4 6. dxe4 Qh4+ 7. Ke2 Bxc3 8.
bxc3 Bg4+ 9. Nf3 dxe4 10. Qd4 Bh5 11. Ke3 Bxf3 12. gxf3 Qe1+ 13. Kf4 Qh4+ 14.
Ke3 Qe1+ 15. Kf4 Qh4+ 16. Ke3 Qe1+ 1/2-1/2

[Event "XXVI Festival A"]
[Site "Arco ITA"]
[Date "2014.10.11"]
[Round "8"]
[White "Badano, Giancarlo"]
[Black "Mombelli, Antonio"]
[WhiteElo "1936"]
[BlackElo "1832"]
[Result "1-0"]
[PlyCount "47"]
[EventDate "2014.10.04"]

1. e4 d6 2. d4 Nf6 3. Bd3 e5 4. c3 Be7 5. h3 h6 6. Nf3 Nbd7 7. Be3 c6 8. Nbd2
O-O 9. O-O Qc7 10. Rc1 b6 11. c4 exd4 12. Nxd4 Ne5 13. Bb1 Bd7 14. f4 Ng6 15.
Nf5 Rfe8 16. Bd4 Bxf5 17. exf5 Nf8 18. Qf3 Rad8 19. Ne4 N8d7 20. Qg3 c5 21. Bc3
Qb7 22. Rcd1 Qc6 23. Rd2 Nh5 24. Qf3 1-0

[Event "XXVI Festival A"]
[Site "Arco ITA"]
[Date "2014.10.11"]
[Round "8"]
[White "Bernardi, Ruben"]
[Black "Sprotte, Norbert"]
[WhiteElo "2098"]
[BlackElo "2186"]
[Result "0-1"]
[PlyCount "98"]
[EventDate "2014.10.04"]

1. e4 e6 2. d4 d5 3. Nd2 Nc6 4. Ngf3 Nf6 5. e5 Nd7 6. c3 f6 7. exf6 Qxf6 8. Be2
Bd6 9. Nf1 O-O 10. Ng3 h6 11. Be3 Qf7 12. Qd2 e5 13. O-O exd4 14. cxd4 Nf6 15.
Bd3 Nh5 16. Nh4 Nf4 17. Bf5 g5 18. Bxc8 Raxc8 19. Nhf5 Qg6 20. Nxd6 Qxd6 21.
Rfe1 Qg6 22. h4 Rf7 23. Bxf4 gxf4 24. Nf1 Rg7 25. g3 Qf6 26. Rad1 Rf8 27. h5
Qf5 28. Qd3 Qh3 29. Qf3 Rg5 30. Qg2 Qf5 31. Nh2 f3 32. g4 Qf4 33. Qh3 Nxd4 34.
Re3 Rf7 35. Kf1 Kh7 36. Rxd4 Qxd4 37. Nxf3 Qc4+ 38. Ke1 Rxg4 39. Kd2 Qb4+ 40.
Kc2 Qc4+ 41. Rc3 Qe4+ 42. Rd3 Rgf4 43. Nd2 Rxf2 44. Kc3 Qe5+ 45. Kc2 R2f6 46.
Qg4 c5 47. b3 Qf5 48. Qe2 c4 49. bxc4 dxc4 0-1

[Event "XXVI Festival A"]
[Site "Arco ITA"]
[Date "2014.10.11"]
[Round "8"]
[White "Bondielli, Giorgio"]
[Black "D'Aste, Federico"]
[WhiteElo "1822"]
[BlackElo "1453"]
[Result "1/2-1/2"]
[PlyCount "36"]
[EventDate "2014.10.04"]

1. e4 d6 2. d4 Nf6 3. Bd3 e5 4. Ne2 Nbd7 5. O-O d5 6. exd5 Nxd5 7. c3 Be7 8. f4
exf4 9. Nxf4 N7f6 10. a3 Bg4 11. Be2 Bxe2 12. Qxe2 Nxf4 13. Bxf4 Qd7 14. Nd2
O-O-O 15. Nc4 Rhe8 16. Qf3 Qd5 17. Qxd5 Nxd5 18. Bd2 f6 1/2-1/2

[Event "XXVI Festival A"]
[Site "Arco ITA"]
[Date "2014.10.11"]
[Round "8"]
[White "Bortolotti, Silvano"]
[Black "Dalla Vecchia, Paolo"]
[WhiteElo "1828"]
[BlackElo "1897"]
[Result "0-1"]
[PlyCount "60"]
[EventDate "2014.10.04"]

1. e4 e6 2. d3 d5 3. Nd2 c5 4. a4 Nc6 5. Ngf3 Bd6 6. g3 Nge7 7. Bg2 Qc7 8. O-O
O-O 9. Re1 Bd7 10. Qe2 f6 11. h4 Nb4 12. Nb1 d4 13. c3 Nbc6 14. Na3 e5 15. Nb5
Qb8 16. Nxd6 Qxd6 17. c4 Nb4 18. Nh2 a6 19. b3 Rfb8 20. Bf1 b5 21. a5 bxc4 22.
bxc4 Nec6 23. f4 Qc7 24. f5 Kh8 25. h5 Be8 26. Qg4 Nc2 27. Re2 Nxa1 28. Nf3 Nb3
29. Bg5 fxg5 30. Nxg5 h6 0-1

[Event "XXVI Festival A"]
[Site "Arco ITA"]
[Date "2014.10.11"]
[Round "8"]
[White "Brioschi, Camillo"]
[Black "Niccoli, Paolo"]
[WhiteElo "1782"]
[BlackElo "1860"]
[Result "1/2-1/2"]
[PlyCount "36"]
[EventDate "2014.10.04"]

1. d4 g6 2. c4 Bg7 3. e4 d6 4. Nc3 Nf6 5. Be2 O-O 6. f4 c5 7. Nf3 cxd4 8. Nxd4
Nc6 9. Be3 Ng4 10. Bxg4 Bxg4 11. Nxc6 Bxd1 12. Nxd8 Bc2 13. Nxf7 Bxc3+ 14. bxc3
Rxf7 15. e5 dxe5 16. fxe5 b6 17. Ke2 Rc8 18. Rhf1 Rxc4 1/2-1/2

[Event "XXVI Festival A"]
[Site "Arco ITA"]
[Date "2014.10.11"]
[Round "8"]
[White "Cardili, Mariano"]
[Black "Trauth, Michael"]
[WhiteElo "2097"]
[BlackElo "2166"]
[Result "0-1"]
[PlyCount "64"]
[EventDate "2014.10.04"]

1. d4 Nf6 2. c4 c5 3. d5 b5 4. cxb5 a6 5. bxa6 e6 6. Nc3 exd5 7. Nxd5 Nxa6 8.
g3 Nxd5 9. Qxd5 Ra7 10. Bg2 Nb4 11. Qd1 d5 12. Nh3 Bf5 13. O-O Be7 14. Nf4 d4
15. Bd2 g5 16. Bxb4 gxf4 17. Bc6+ Bd7 18. Bxd7+ Qxd7 19. Bd2 fxg3 20. fxg3 c4
21. Qe1 O-O 22. Bh6 Rd8 23. Qf2 Qe6 24. Bc1 Ra5 25. Bf4 Rb5 26. Rab1 Bc5 27.
Qf3 Re8 28. Rfe1 d3+ 29. e3 d2 30. Red1 Qf5 31. Qe2 c3 32. g4 Qxf4 0-1

[Event "XXVI Festival A"]
[Site "Arco ITA"]
[Date "2014.10.11"]
[Round "8"]
[White "Caruso, Augusto"]
[Black "Valenti, Giuseppe"]
[WhiteElo "2264"]
[BlackElo "2101"]
[Result "1-0"]
[PlyCount "145"]
[EventDate "2014.10.04"]

1. e4 e6 2. d4 d5 3. e5 c5 4. c3 Qb6 5. Nf3 Nc6 6. Na3 Bd7 7. Nc2 cxd4 8. cxd4
Nb4 9. Ne3 Nh6 10. a3 Nc6 11. b4 Be7 12. g4 a6 13. Bg2 Qb5 14. Rb1 Na7 15. Qd2
Ng8 16. Nd1 Rc8 17. Bf1 Qb6 18. Nc3 Nh6 19. h3 Nb5 20. Nd1 O-O 21. Be2 Kh8 22.
O-O Ng8 23. Bb2 f5 24. exf6 gxf6 25. Ne3 Nd6 26. Bd3 Bb5 27. Rfe1 Bd7 28. Ng2
Nc4 29. Bxc4 Rxc4 30. Ne3 Rcc8 31. Rbd1 Ba4 32. Rc1 Bd7 33. Ng2 Qd6 34. Qe3
Rxc1 35. Rxc1 Rc8 36. Re1 Re8 37. Nf4 Bd8 38. Nh5 Rf8 39. Kg2 Bc7 40. Re2 Bb5
41. Re1 Bd7 42. Bc1 Qe7 43. Bd2 Qf7 44. Nf4 Re8 45. Nd3 Bc8 46. a4 Bd6 47. b5
axb5 48. axb5 b6 49. Ra1 Qd7 50. Rb1 Bb8 51. Rb3 Qg7 52. Nf4 Bd7 53. Nh5 Qf7
54. Bc3 Rc8 55. Qe2 Qe8 56. Bb2 Rc4 57. Nd2 Rc2 58. Qd3 Qg6 59. Qe3 Nh6 60. Ng3
Nf7 61. Nf3 Nd6 62. Nh4 Qg5 63. Qxg5 fxg5 64. Nf3 h6 65. Ne5 Bxb5 66. Ba3 Nc4
67. Rxb5 Nxa3 68. Rxb6 Ba7 69. Rxe6 Bxd4 70. Ng6+ Kg7 71. Nf5+ Kf7 72. Nxd4 Rd2
73. Ne5+ 1-0

[Event "XXVI Festival A"]
[Site "Arco ITA"]
[Date "2014.10.11"]
[Round "8"]
[White "De Simone Sorrentino, Fabio"]
[Black "De Nisi, Giuseppe"]
[WhiteElo "1630"]
[BlackElo "1771"]
[Result "1-0"]
[PlyCount "65"]
[EventDate "2014.10.04"]

1. e4 d6 2. d4 Nf6 3. Nc3 g6 4. f4 Bg7 5. Nf3 O-O 6. e5 Ne8 7. Bc4 e6 8. O-O d5
9. Bd3 f5 10. b3 b6 11. Ng5 c5 12. Ba3 h6 13. Nf3 Nd7 14. Qe1 Rf7 15. Qg3 Kh7
16. Qh3 Kg8 17. g4 Bf8 18. Qg3 Rg7 19. Ne2 a6 20. c4 b5 21. cxd5 b4 22. dxe6
bxa3 23. exd7 Qxd7 24. Bc4+ Kh8 25. e6 Qd6 26. d5 fxg4 27. Ne5 Qe7 28. Qc3 Nd6
29. Nxg6+ Kh7 30. Nxe7 Rxe7 31. Qd3+ Kg8 32. f5 Ne8 33. f6 1-0

[Event "XXVI Festival A"]
[Site "Arco ITA"]
[Date "2014.10.11"]
[Round "8"]
[White "Donadi, Luca"]
[Black "Gardini, Enrico"]
[WhiteElo "1773"]
[BlackElo "1850"]
[Result "1/2-1/2"]
[PlyCount "77"]
[EventDate "2014.10.04"]

1. e4 e5 2. Nf3 Nc6 3. Bc4 Nf6 4. Ng5 d5 5. exd5 Na5 6. Bb5+ Bd7 7. Qe2 Be7 8.
Ne4 Nxd5 9. Bxd7+ Qxd7 10. d3 Nc6 11. Nbc3 Nd4 12. Qd1 Nb4 13. O-O Nbxc2 14.
Rb1 Nb4 15. a3 Nbc6 16. b4 O-O 17. b5 Nd8 18. f4 exf4 19. Rxf4 N8e6 20. Rf1
Rad8 21. a4 f5 22. Nd2 Nc5 23. Nc4 Nde6 24. Be3 Nxd3 25. Qf3 f4 26. Bxa7 b6 27.
Qc6 Qxc6 28. bxc6 Bc5+ 29. Kh1 Nf2+ 30. Rxf2 Bxf2 31. a5 Nd4 32. axb6 Nxc6 33.
bxc7 Bxa7 34. cxd8=Q Rxd8 35. Ne2 Be3 36. h3 Kf7 37. Rf1 Ke7 38. Nxf4 Bxf4 39.
Rxf4 1/2-1/2

[Event "XXVI Festival A"]
[Site "Arco ITA"]
[Date "2014.10.11"]
[Round "8"]
[White "Drasko, Milan"]
[Black "Dittmar, Peter"]
[WhiteElo "2434"]
[BlackElo "2293"]
[Result "1/2-1/2"]
[PlyCount "59"]
[EventDate "2014.10.04"]

1. Nf3 d5 2. g3 c6 3. Bg2 Bg4 4. O-O Nd7 5. d3 Ngf6 6. Qe1 e5 7. e4 dxe4 8.
dxe4 Qc7 9. Nbd2 Bc5 10. h3 Bxf3 11. Nxf3 O-O 12. a4 a5 13. Qe2 Rfe8 14. Bg5 h6
15. Bd2 Qb6 16. b3 Bb4 17. Be3 Bc5 18. Bc1 Qa6 19. Qxa6 Rxa6 20. Rd1 Nf8 21.
Ne1 Ne6 22. Nd3 Bd4 23. Ra2 Bc3 24. Bb2 Bxb2 25. Rxb2 Nd7 26. Rbb1 Nec5 27. Nb2
Nb6 28. Rd2 Raa8 29. Rbd1 Kf8 30. f3 1/2-1/2

[Event "XXVI Festival A"]
[Site "Arco ITA"]
[Date "2014.10.11"]
[Round "8"]
[White "Favre, Bruno"]
[Black "Casagrande, Fabio"]
[WhiteElo "1904"]
[BlackElo "1959"]
[Result "1/2-1/2"]
[PlyCount "29"]
[EventDate "2014.10.04"]

1. d4 Nf6 2. Nf3 e6 3. e3 d5 4. Bd3 b6 5. Nbd2 Bb7 6. Qe2 Ne4 7. O-O Be7 8. Ne1
O-O 9. f3 Nxd2 10. Bxd2 f5 11. c3 Nd7 12. f4 Nf6 13. Nf3 Ne4 14. Ne5 Bf6 15.
Nf3 1/2-1/2

[Event "XXVI Festival A"]
[Site "Arco ITA"]
[Date "2014.10.11"]
[Round "8"]
[White "Gousseinov, Aguif"]
[Black "Rahls, Peter"]
[WhiteElo "1985"]
[BlackElo "2265"]
[Result "0-1"]
[PlyCount "62"]
[EventDate "2014.10.04"]

1. e4 c5 2. Nf3 e6 3. c3 d5 4. exd5 exd5 5. d4 Bd6 6. Bb5+ Nc6 7. dxc5 Bxc5 8.
O-O Nge7 9. Bd3 O-O 10. Bf4 Bd6 11. Bxd6 Qxd6 12. Nbd2 Bg4 13. Bxh7+ Kxh7 14.
Ng5+ Kg6 15. Qxg4 f5 16. Nge4+ fxg4 17. Nxd6 Rh8 18. Nb5 Rh5 19. Rfe1 Nf5 20.
Nf1 Rd8 21. Rad1 d4 22. Nxd4 Nfxd4 23. cxd4 Nxd4 24. Ne3 Rc5 25. Kf1 Kg5 26.
Nxg4 Rc2 27. Ne5 Rf8 28. h4+ Kh5 29. Nd3 Nf5 30. Ne5 Ng3+ 31. Kg1 Rfxf2 0-1

[Event "XXVI Festival A"]
[Site "Arco ITA"]
[Date "2014.10.11"]
[Round "8"]
[White "Guido, Flavio"]
[Black "Bruno, Fabio"]
[WhiteElo "2356"]
[BlackElo "2422"]
[Result "0-1"]
[PlyCount "68"]
[EventDate "2014.10.04"]

1. e4 e6 2. d4 d5 3. e5 c5 4. c3 Nc6 5. Nf3 Bd7 6. Be2 f6 7. O-O fxe5 8. Nxe5
Nxe5 9. dxe5 Bc6 10. Bh5+ g6 11. Bg4 Qd7 12. Bg5 Bg7 13. Re1 Ne7 14. Bf6 O-O
15. Bxg7 Kxg7 16. Nd2 Nf5 17. b4 b6 18. bxc5 bxc5 19. Nb3 Qe7 20. Na5 Rac8 21.
Nxc6 Rxc6 22. Rb1 Rc7 23. Qd2 Qh4 24. h3 h5 25. Bxf5 Rxf5 26. Rb8 Rcf7 27. Re2
Qe7 28. Qe3 Qc7 29. Rb5 c4 30. a4 Rf4 31. f3 Qe7 32. a5 Qa3 33. Rc5 Qa4 34. Rb2
Qa1+ 0-1

[Event "XXVI Festival A"]
[Site "Arco ITA"]
[Date "2014.10.11"]
[Round "8"]
[White "Hilbenz, Guntram"]
[Black "Liekens, Ronny"]
[WhiteElo "1951"]
[BlackElo "1790"]
[Result "1-0"]
[PlyCount "103"]
[EventDate "2014.10.04"]

1. c4 e5 2. g3 Nf6 3. Bg2 d5 4. cxd5 Nxd5 5. Nc3 Nb6 6. Nf3 Nc6 7. d3 Be7 8. a3
Be6 9. O-O O-O 10. b4 f6 11. Bb2 a6 12. Rc1 Qd7 13. Ne4 Rad8 14. Qc2 Bh3 15.
Rfd1 Bxg2 16. Kxg2 Qe6 17. Nc5 Bxc5 18. bxc5 Nd7 19. e4 Rfe8 20. d4 exd4 21.
Nxd4 Nxd4 22. Rxd4 Nb8 23. Rcd1 Rxd4 24. Rxd4 Nc6 25. Rc4 h6 26. Bc1 Kh8 27.
Bf4 Re7 28. Be3 Rd7 29. Rc3 Re7 30. Rb3 Nd8 31. f3 Qc6 32. Qd1 Rd7 33. Rd3 Rxd3
34. Qxd3 Ne6 35. Qd5 Qxd5 36. exd5 Nd8 37. d6 cxd6 38. cxd6 Kg8 39. Bb6 Nc6 40.
d7 Kf7 41. d8=Q Nxd8 42. Bxd8 Ke6 43. Kf2 Kd5 44. a4 b5 45. axb5 axb5 46. Be7
h5 47. Ke3 Ke6 48. Bb4 g5 49. h4 Kf5 50. Bc3 gxh4 51. gxh4 Ke6 52. Kf4 1-0

[Event "XXVI Festival A"]
[Site "Arco ITA"]
[Date "2014.10.11"]
[Round "8"]
[White "Huemmer, Bernd"]
[Black "Anguera Maestro, Jaime"]
[WhiteElo "2185"]
[BlackElo "2058"]
[Result "1/2-1/2"]
[PlyCount "58"]
[EventDate "2014.10.04"]

1. d4 d5 2. Nf3 Nf6 3. c3 c6 4. Bf4 Bf5 5. h3 h6 6. Nbd2 Nbd7 7. e3 e6 8. Be2
Be7 9. O-O O-O 10. Ne5 Nxe5 11. Bxe5 Nd7 12. Bh2 Bh7 13. Qb3 Qb6 14. c4 Qxb3
15. Nxb3 a5 16. Nd2 Rfc8 17. Rac1 Nf6 18. Rfd1 Ne8 19. cxd5 cxd5 20. Bb5 Nd6
21. Bd7 Rd8 22. Rc7 Kf8 23. Rdc1 Bd3 24. Nf3 Ba6 25. Ne5 Ne8 26. Bxe8 Kxe8 27.
a3 Bd6 28. R7c3 f6 29. Nf3 Ke7 1/2-1/2

[Event "XXVI Festival A"]
[Site "Arco ITA"]
[Date "2014.10.11"]
[Round "8"]
[White "Hussain, Hashem"]
[Black "Fratini, Mauro"]
[WhiteElo "1699"]
[BlackElo "1863"]
[Result "1-0"]
[PlyCount "59"]
[EventDate "2014.10.04"]

1. e4 Nf6 2. e5 Nd5 3. d4 d6 4. c4 Nb6 5. exd6 cxd6 6. Nc3 g6 7. Be3 Bg7 8. Rc1
a6 9. b3 O-O 10. Be2 Nc6 11. d5 Ne5 12. f4 Ned7 13. Nf3 Nf6 14. h3 Nh5 15. O-O
Ng3 16. Re1 Nxe2+ 17. Qxe2 Nd7 18. Bd4 Re8 19. Bxg7 Kxg7 20. Ne4 Qb6+ 21. Kh2
Nc5 22. Qb2+ Kg8 23. Nf6+ exf6 24. Rxe8+ Kg7 25. Qd4 Qa5 26. Qd2 Qc7 27. Rce1
b5 28. R1e7 Qb6 29. Qe3 bxc4 30. Rxf7+ 1-0